Idioms & phrases : how to use them for effective English communication

Bibliographic Details
Main Author: Attarde, I. P.
Format: Book
Published: Kuala Lumpur : Crescent News Publishers , 2007
Subjects:

MARC

LEADER 00000cam a2200000 7i4500
001 0000023383
005 20080908.0
008 080908
020 |a 9830617076 
090 0 0 |a 428.2   |b ATT 
100 1 |a Attarde, I. P. 
245 1 0 |a Idioms & phrases :   |b how to use them for effective English communication   |c I. P. Attarde 
260 |a Kuala Lumpur :   |b Crescent News Publishers ,   |c 2007 
650 0 |a English language   |x idioms 
650 0 |a English language   |x terms and phrases 
999 |a 0001021462   |b Book   |c Adult Collection   |e Perbadanan Perpustakaan Awam Johor